[Event "AUTO-INT-3946"]
[Site "http://www.queenalice.com/game.php?id=1863869"]
[Date "2025.10.6"]
[Round "1"]
[White "JoseMessias"]
[Black "Yanni"]
[Result "1-0"]
[WhiteElo "1618"]
[BlackElo "1543"]

1. g3 e5 2. Bg2 Bc5 3. Bd5 Qf6 4. Nf3 c6 5. d4 exd4 6. Bg5 Qg6 7. Bc4 Bb4+ 8. c3
dxc3 9. bxc3 Bc5 10. Bh4 Nf6 11. Ne5 Qe4 12. Bxf7+ Ke7 13. Bxf6+ gxf6 14. O-O
Qxe5 15. Bc4 Qe4 16. Nd2 Qg4 17. e3 d5 18. Be2 Qh3 19. e4 Bd6 20. Bf3 Rg8 21.
Qe1 Nd7 22. exd5+ Ne5 23. dxc6 bxc6 24. Bxc6 Rb8 25. f4 Bc5+ 26. Kh1 Kf7 27.
fxe5 Rxg3 28. Rxf6+ Kg7 29. Qxg3+ Bg4 30. Raf1 Rf8 31. Qxh3 Bxh3 32. R1f3 Rxf6
33. exf6+ Kf7 34. Bd5+ Be6 35. Bxe6+ Kxe6 36. f7 Bf8 37. Ne4 Ke5 38. Ng5 h6 39.
Nh7 Ke4 40. Kg2 h5 41. Nxf8 Kd5 42. Ng6 Kd6 43. f8=Q+ Kd5 44. Qf7+ Kd6 45. Qxa7
Kd5 46. Nf4+ Kd6 47. Rd3+ Ke5 48. Qd4+ Kf5 49. Nxh5 Ke6 50. Qd6+ Kf5 51. Qd5+
Kg6 52. Qg8+ Kf5 53. Qe8 Kg5 54. Qe5+ Kg6 55. Qf6+ Kxh5 56. Rd5+ Kg4 57. Qf3+
Kh4 58. Rh5# 1-0

[Event "AUTO-INT-3946"]
[Site "http://www.queenalice.com/game.php?id=1863870"]
[Date "2025.10.6"]
[Round "1"]
[White "Yanni"]
[Black "JoseMessias"]
[Result "1-0"]
[WhiteElo "1504"]
[BlackElo "1686"]

1. e4 e5 2. Bc4 Bc5 3. Nf3 d6 4. d3 Bg4 5. Qd2 Qf6 6. Nc3 Bxf3 7. gxf3 Qxf3 8.
Rf1 Nf6 9. Qg5 g6 10. Ne2 h6 11. Qh4 g5 12. Bxg5 Nh5 13. d4 hxg5 14. Qxg5 Bxd4
15. O-O-O Qxe4 16. Bd3 Qd5 17. c4 1-0

[Event "AUTO-INT-3946"]
[Site "http://www.queenalice.com/game.php?id=1863889"]
[Date "2025.10.6"]
[Round "1"]
[White "Yanni"]
[Black "Anusha"]
[Result "0-1"]
[WhiteElo "1507"]
[BlackElo "1876"]

1. e4 c5 2. Bc4 Nc6 3. Qh5 e6 4. Nf3 Nf6 5. Qh3 Be7 6. Nc3 Qc7 7. e5 Nxe5 8. Ng5
Nxc4 9. d3 Nb6 10. Ne2 h6 11. Nf3 O-O 12. Qg3 Qxg3 13. hxg3 d5 14. Nh4 Bd7 15.
Nf4 g5 16. Nhg6 fxg6 17. Nxg6 Rf7 18. Rxh6 Kg7 19. Bxg5 Ng8 20. Ne5 Bxg5 21. Rh5
Rf5 22. Ng4 Bd2+ 23. Kxd2 Rxh5 24. Re1 Rf8 25. Re2 d4 26. a3 Nf6 27. Ne5 Bc8 28.
g4 Rxe5 29. Rxe5 Nfd5 30. c4 Ne7 31. Rxc5 Rxf2+ 32. Ke1 Rxb2 33. Rg5+ Kf6 34.
Rh5 Rxg2 35. Rh6+ Kg5 36. Rh7 Nc6 37. Rg7+ Kf4 38. Kf1 Rxg4 39. Rf7+ Ke3 40. Rf2
Rf4 41. Ke1 Rxf2 42. c5 Nd5 43. a4 Ra2 44. Kd1 Kxd3 45. a5 Ra1# 0-1

[Event "AUTO-INT-3946"]
[Site "http://www.queenalice.com/game.php?id=1863890"]
[Date "2025.10.6"]
[Round "1"]
[White "Anusha"]
[Black "Yanni"]
[Result "1-0"]
[WhiteElo "1723"]
[BlackElo "1530"]

1. c4 e5 2. Nc3 c6 3. g3 a6 4. Bg2 d6 5. Nf3 Bg4 6. O-O Nf6 7. d3 d5 8. Nxe5 Qe7
9. Nxg4 Nxg4 10. cxd5 cxd5 11. Nxd5 Qe6 12. Nc7+ Ke7 13. Nxe6 fxe6 14. Bxb7 Ra7
15. Bf3 h5 16. Bg5+ Kd6 17. Qb3 Nf6 18. Rac1 Ne8 19. Qb6+ Nc6 20. Qxc6+ Ke5 21.
Qxe8 h4 22. Qb8+ Kf5 23. Qxa7 Kxg5 24. Qe3+ Kf6 25. Qf4+ Ke7 26. Rc7+ Kd8 27.
Qf7 Be7 28. Qxe7# 1-0

[Event "AUTO-INT-3949"]
[Site "http://www.queenalice.com/game.php?id=1864857"]
[Date "2025.10.29"]
[Round "1"]
[White "game"]
[Black "Yanni"]
[Result "1-0"]
[WhiteElo "1629"]
[BlackElo "1522"]

1. e4 e5 2. Nf3 h6 3. Nxe5 Qe7 4. f4 Nf6 5. Bc4 d5 6. exd5 g5 7. O-O Nh5 8. Re1
Qc5+ 9. d4 Qd6 10. Ng6+ Be7 11. Nxh8 gxf4 12. Qxh5 Qf6 13. Qe5 Qxe5 14. dxe5 Na6
15. Bxf4 Bf5 16. Bb3 Bb4 17. c3 Bc5+ 18. Kh1 Ke7 19. d6+ cxd6 20. Nxf7 Kd7 21.
Ba4+ Ke6 22. Bb3+ Ke7 23. Nxh6 Bg6 24. exd6+ Kd7 25. Ba4+ Kd8 26. Bg5+ Kc8 27.
Re6 Bd3 28. Re8# 1-0

[Event "AUTO-INT-3949"]
[Site "http://www.queenalice.com/game.php?id=1864858"]
[Date "2025.10.29"]
[Round "1"]
[White "Yanni"]
[Black "game"]
[Result "1/2-1/2"]
[WhiteElo "1499"]
[BlackElo "1506"]

1. e4 d6 2. Bb5+ Bd7 3. Bc4 e5 4. Nf3 Nc6 5. d3 Bg4 6. h3 Be6 7. Bb5 Qf6 8. Bg5
Qg6 9. Nbd2 Be7 10. h4 h5 11. Qe2 Bg4 12. Qe3 O-O-O 13. Bxc6 bxc6 14. O-O-O d5
15. Nxe5 Qe6 16. d4 Bxd1 17. Kxd1 dxe4 18. Qxe4 Qxa2 19. Qf5+ Kb7 20. Nec4 Qa1+
21. Ke2 Qxh1 22. Qxf7 Bxg5 23. Qxg7 Re8+ 24. Kd3 Ne7 25. Qxg5 Rhg8 26. Na5+ Ka6
27. Qc5 Rxg2 28. Ndc4 Qh3+ 29. Ne3 Nd5 30. Kc4 Rxf2 31. Nxd5 Rxc2+ 32. Nc3 Qd3+
33. Kxd3 Rxb2 34. Nxc6 Ra8 35. Qa5+ Kb7 36. Qa4 Rb6 37. Nd5 Rxc6 38. Qb4+ Kc8
39. Ne7+ Kd7 40. d5 Rd6 41. Nf5 Rxd5+ 42. Kc3 Rxf5 43. Qd4+ Ke6 44. Qe4+ Kf6 45.
Qxa8 a5 46. Qc6+ Ke5 47. Qxc7+ Ke4 48. Qe7+ Kd5 49. Qd8+ Ke4 50. Qd3+ Kf4 51.
Kd2 Kg4 52. Qe4+ Rf4 53. Qg6+ Kxh4 54. Ke3 Rg4 55. Qf6+ Rg5 56. Kf4 a4 57. Qxg5+
Kh3 58. Qxh5+ Kg2 59. Qf3+ Kh2 60. Qg3+ Kh1 61. Qa3 Kg1 62. Kg3 Kf1 63. Qxa4 Ke2
64. Kf4 Kd3 65. Qe4+ Kc3 66. Ke3 Kb3 67. Kd3 Kb2 68. Qc4 Ka3 69. Kc3 1/2-1/2

[Event "AUTO-INT-3952"]
[Site "http://www.queenalice.com/game.php?id=1865811"]
[Date "2025.11.19"]
[Round "1"]
[White "SGF"]
[Black "Yanni"]
[Result "1-0"]
[WhiteElo "1759"]
[BlackElo "1487"]

1. e4 e5 2. Qf3 f6 3. Be2 a6 4. d3 Ne7 5. Qg3 Rg8 6. h4 d6 7. Nc3 Be6 8. h5 Nbc6
9. a4 Nb4 10. Bd1 h6 11. Bd2 Nec6 12. Be3 Qe7 13. Nd5 Bxd5 14. exd5 Nxd5 15.
Bxh6 O-O-O 16. c3 Qf7 17. Bd2 Be7 18. Bb3 Na5 19. Bxd5 Qxd5 20. c4 Qd4 21. Bc3
Qc5 22. b4 Qc6 23. bxa5 e4 24. Qg4+ Rd7 25. dxe4 Qxc4 26. Ne2 d5 27. h6 d4 28.
Bxd4 Bb4+ 29. Kf1 Bxa5 30. Bxf6 gxf6 31. Qf5 Kb8 32. Qxd7 Qxe4 33. Rh2 Re8 34.
h7 Qxe2+ 35. Kg1 Bb6 36. Qxe8+ Qxe8 37. h8=R Qc8 38. Rxc8+ Kxc8 39. Rd1 c5 40.
Rd6 Kc7 41. Rxf6 c4 42. Rh7+ Kb8 43. Rxb6 Ka7 44. Rbxb7+ Ka8 45. Rbg7 Kb8 46.
Rg8# 1-0

[Event "AUTO-INT-3952"]
[Site "http://www.queenalice.com/game.php?id=1865812"]
[Date "2025.11.19"]
[Round "1"]
[White "Yanni"]
[Black "SGF"]
[Result "0-1"]
[WhiteElo "1514"]
[BlackElo "1740"]

1. e4 e5 2. Bc4 Qf6 3. f3 d6 4. Bb5+ c6 5. Bc4 b5 6. Bd3 g5 7. Nc3 a5 8. Be2 h5
9. d3 Na6 10. h3 h4 11. a3 b4 12. axb4 Nxb4 13. d4 Ba6 14. dxe5 Qxe5 15. Be3
Qg3+ 16. Bf2 Qxg2 17. Qd4 Nxc2+ 18. Kd2 Nxd4 19. Bxd4 f6 20. Kc2 Qxh1 21. Bxa6
Rxa6 22. Ra4 Qg2+ 23. Nge2 Qxh3 24. Ra1 Qxf3 25. Rd1 h3 26. Rd3 Qg2 27. Kb3 a4+
28. Ka3 d5+ 29. Ka2 dxe4 30. Rg3 Qf1 31. Rg1 Qf3 32. Rc1 h2 33. Re1 h1=Q 34.
Rxh1 Rxh1 35. b3 a3 36. Be5 Rd1 37. Nxd1 Qxe2+ 38. Ka1 Qxd1+ 39. Ka2 Qc2+ 40.
Ka1 a2 41. b4 Qb1# 0-1

[Event "AUTO-INT-3952"]
[Site "http://www.queenalice.com/game.php?id=1865825"]
[Date "2025.11.19"]
[Round "1"]
[White "game"]
[Black "Yanni"]
[Result "0-1"]
[WhiteElo "1499"]
[BlackElo "1499"]

1. d4 d5 2. Nf3 Bg4 3. e3 Nf6 4. Be2 Ne4 5. O-O h5 6. Nh4 Qd6 7. f3 Bh3 8. gxh3
Ng5 9. Bb5+ c6 10. Ba4 Na6 11. f4 Ne4 12. Nf5 Qg6+ 13. Ng3 h4 14. f5 Qg5 15. Rf3
hxg3 16. Nc3 Rxh3 17. Kg2 Rxh2+ 18. Kg1 Qh4 19. Rf4 Rh1+ 20. Kg2 Qh2+ 21. Kf3
Qf2+ 22. Kg4 Nf6+ 23. Kg5 Nh7+ 24. Kg4 Qh2 25. Rf1 Qh4+ 26. Kf3 Ng5+ 27. Ke2
Qg4+ 28. Kd3 Nb4+ 29. Kd2 Rh2+ 30. Ne2 Ne4+ 31. Ke1 g2 32. Rg1 Qh4+ 33. Ng3
Qxg3+ 34. Ke2 Qf2# 0-1

[Event "AUTO-INT-3952"]
[Site "http://www.queenalice.com/game.php?id=1865826"]
[Date "2025.11.19"]
[Round "1"]
[White "Yanni"]
[Black "game"]
[Result "0-1"]
[WhiteElo "1505"]
[BlackElo "1466"]

1. e4 d6 2. Bb5+ Bd7 3. Bc4 Be6 4. Bb5+ Bd7 5. Bc4 Nf6 6. d3 Nc6 7. Bg5 Nd4 8.
c3 Ne6 9. Bxf6 exf6 10. Nf3 Nf4 11. Rg1 Be7 12. Qd2 g5 13. g3 Nh3 14. Rg2 g4 15.
Nh4 Bc6 16. Nf5 Qd7 17. Na3 d5 18. Bb3 dxe4 19. d4 Qxf5 20. Nc4 e3 21. Nxe3 Qd7
22. O-O-O f5 23. Bc2 Bxg2 24. Bxf5 Qc6 25. a3 h6 26. Bxg4 Rd8 27. f3 Bxf3 28.
Bxh3 Bxd1 29. Kxd1 Bc5 30. Kc1 Qh1+ 31. Nd1 Be7 32. Kc2 Bg5 33. Qe2+ Kf8 34. Bg2
Qxh2 35. Kb3 Qxg3 36. Bxb7 Rxd4 37. Ba6 Kg7 38. Ka2 Rd6 39. Bc4 Rhd8 40. Nf2 Rd2
41. Ne4 Qe5 42. Qe1 Rh2 43. Qb1 f5 44. Nxg5 hxg5 45. Qg1 g4 46. a4 a5 47. Ka3
Rb8 48. b3 Qe7+ 49. b4 Rh3 50. Qb1 Rxc3+ 51. Kb2 Qxb4+ 52. Bb3 Qxb3+ 53. Ka1
Qxa4+ 54. Qa2 Rc1# 0-1

[Event "AUTO-INT-3952"]
[Site "http://www.queenalice.com/game.php?id=1865833"]
[Date "2025.11.19"]
[Round "1"]
[White "tche_elvio"]
[Black "Yanni"]
[Result "1-0"]
[WhiteElo "1486"]
[BlackElo "1482"]

1. e4 e5 2. g3 d6 3. Bg2 a6 4. c3 Nf6 5. d3 Bg4 6. Nf3 Bh5 7. O-O Ng4 8. h4 g5
9. Bxg5 f6 10. Bd2 Nd7 11. b4 Bg7 12. a4 Qe7 13. Na3 Nf8 14. Nc4 Ne6 15. Ne3
Nxe3 16. Bxe3 d5 17. exd5 Nf8 18. Bc5 Qf7 19. c4 b6 20. Bxf8 Kxf8 21. Qc2 Re8
22. a5 e4 23. dxe4 Bg6 24. Rfe1 b5 25. cxb5 Bh5 26. Qc5+ Kg8 27. bxa6 h6 28. Nd4
Kh7 29. e5 fxe5 30. Be4+ Kg8 31. a7 exd4 32. d6 Qd7 33. Bd5+ Kh7 34. Rxe8 Rxe8
35. a8=Q Rxa8 36. Bxa8 cxd6 37. Be4+ Kh8 38. Qxh5 Qe6 39. Qg6 Qe7 40. Qh7# 1-0

[Event "AUTO-INT-3952"]
[Site "http://www.queenalice.com/game.php?id=1865834"]
[Date "2025.11.19"]
[Round "1"]
[White "Yanni"]
[Black "tche_elvio"]
[Result "1-0"]
[WhiteElo "1515"]
[BlackElo "1507"]

1. e4 c5 2. Bc4 e6 3. d3 g6 4. Nf3 Nc6 5. Bg5 Nce7 6. Ne5 Bg7 7. Bf4 d6 8. Ng4
a6 9. h3 Nf6 10. Ne3 Nc6 11. Nc3 h5 12. a3 O-O 13. g4 e5 14. Bg5 b5 15. Bd5 Bb7
16. gxh5 Na5 17. Ba2 Qd7 18. h6 Bxh6 19. Bxf6 d5 20. exd5 c4 21. dxc4 Nxc4 22.
Bxc4 bxc4 23. Ng4 Qe6 24. Qf3 Qf5 25. Nxh6+ Kh7 26. Nxf5 gxf5 27. Qh5+ Kg8 28.
Qh8# 1-0

[Event "AUTO-INT-3954"]
[Site "http://www.queenalice.com/game.php?id=1866726"]
[Date "2025.12.7"]
[Round "1"]
[White "tche_elvio"]
[Black "Yanni"]
[Result "1-0"]
[WhiteElo "1553"]
[BlackElo "1534"]

1. e4 e5 2. Nf3 Bc5 3. d4 Bb4+ 4. c3 Bd6 5. d5 Nf6 6. Bd3 h6 7. O-O Ng4 8. h3
Nf6 9. b4 a6 10. Bb2 Be7 11. Nxe5 Rf8 12. a4 d6 13. Nd2 dxe5 14. Nc4 Nh5 15.
Qxh5 Nd7 16. Nxe5 Nxe5 17. Qxe5 Rg8 18. c4 f6 19. Qh5+ Kf8 20. e5 fxe5 21. Bxe5
Bd7 22. Bf5 Be8 23. Bg6 Bxg6 24. Qxg6 Bd6 25. Bxd6+ Qxd6 26. Qf5+ Ke8 27. Rfe1+
Kd8 28. Re6 Qd7 29. Rae1 c6 30. dxc6 bxc6 31. Qc5 Kc8 32. Rxc6+ Kd8 33. Qb6+ Qc7
34. Qxc7# 1-0

[Event "AUTO-INT-3954"]
[Site "http://www.queenalice.com/game.php?id=1866727"]
[Date "2025.12.7"]
[Round "1"]
[White "Yanni"]
[Black "tche_elvio"]
[Result "1-0"]
[WhiteElo "1466"]
[BlackElo "1502"]

1. e4 c5 2. Bc4 e6 3. d3 h6 4. Nf3 d6 5. Be3 Be7 6. h3 Nf6 7. a3 O-O 8. Nbd2 Bd7
9. Nh4 Qc7 10. Ndf3 e5 11. Ng6 Kh7 12. Nxe7 Nc6 13. Nxc6 Bxc6 14. Nh4 d5 15.
exd5 Nxd5 16. Bd2 b6 17. Nf5 Nf4 18. Rg1 g5 19. Bxf4 exf4 20. Qh5 Rae8+ 21. Kd2
b5 22. Qxh6+ Kg8 23. Qg7# 1-0